00339nam a2200133Ia 4500008004100000020001500041041001200056082001600068100001700084245005500101260002500156300000800181650001600189221030s9999 xx 000 0 und d a8120321359 aEnglish a105.23bSha aN. K. Sharda 0aMultimedia Information Networkingcby N. K. Sharda bPHIaNew Delhic2002 a480 aBE Computer